| 000 | 00422nam a2200157Ia 4500 | ||
|---|---|---|---|
| 008 | 230312s9999||||xx |||||||||||||| ||und|| | ||
| 020 | _a0-07-112350-4 | ||
| 082 |
_a658.4038 _bOBR |
||
| 100 | _aObrian, James A | ||
| 245 | 0 | _aManagement Information System | |
| 260 |
_bMcGraw Hill _aLondon _c2002 |
||
| 300 | _a530 | ||
| 546 | _aEng. | ||
| 650 |
_aManagement _vManaging Information technology in the e-business |
||
| 942 | _cBK | ||
| 999 |
_c510 _d510 |
||